Análisis matemático para economistas

Uloženo v:
Podrobná bibliografie
Hlavní autor: Allen, R. G. D (Autor)
Médium: Kniha
Jazyk:španělština
Vydáno: Madrid Aguilar 1968
Vydání:8a. ed
Témata:
Tagy: Přidat tag
Žádné tagy, Buďte první, kdo vytvoří štítek k tomuto záznamu!

MARC

LEADER 00000nam a2200000 a 4500
001 UCR2984
003 CL-VaPUC
008 980123e19680000SP |||||||||||||||||spa|d
082 0 4 |a 330.1  |b ALL  |2 21 
100 0 |a Allen, R. G. D  |e author  |9 401587 
245 1 0 |a Análisis matemático para economistas 
250 |a 8a. ed 
300 |a v 
942 |c BK 
945 |d 19980123 00:00:00  |a jquezada 
260 |a Madrid  |b Aguilar  |c 1968 
650 0 |a Economía   |9 255568 
650 0 |a Análisis matemático   |9 260146 
650 0 |a Problemas, ejercicios, etc  |9 259377 
650 0 |a Teoría económica  |9 315055 
650 0 |a Variables  |9 338106 
650 0 |a Funciones   |9 263869 
650 0 |a Geometría analítica   |9 260062 
650 0 |a Límites   |9 255439 
650 0 |a Derivadas  |9 354237 
650 0 |a Logaritmos  |9 260266 
650 0 |a Integrales   |9 260233 
650 7 |a DETERMINANTES  |2 CL-VaPUC  |9 401588 
650 0 |a Cálculo  |9 260234 
583 |a last modification  |c 19980123 00:00:00  |k Rodrigo Vera 
999 |c 266101  |d 266099